000 00688nam a22001815i 4500
001 154754
003 ES-MaACL
005 20230906205836.0
008 040708s1888 fr a |||| | fre d
040 _aCAM
_bspa
_cCAM
100 1 _aGrand-Carteret, John.
_959569
245 1 4 _aLes moeurs et la caricature en France /
_cpar J. Grand-Carteret.
260 _aParis :
_bLibrairie Illustrées,
_c[1888] (
_eEvreux :
_fImprimerie de Charles Hérissey)
300 _aXII, 690 p., [44] h. de lám. :
_bil. ;
_c29 cm.
596 _aFecha de ed. tomada de la cub. original.
650 4 _aCaricatura-
_zFrancia.
_9135729
852 _aES-MaACL
_jF-12488
_z-- Enc. piel conservando la cub. original
999 _c154754
_d154754